Memory Game - BLACKOUT CHALLENGE Quiz Stats

 Plays Quiz not verified by Sporcle

Score 0/10 Timer 02:00
0 Plays Today
Directions What to remember % Correct
????
100%
????
68.1%
????
63.1%
????
54.3%
????
43.9%
????
43.1%
????
37.2%
????
15.6%
????
10.9%
????
7.2%

You're not logged in!

Compare scores with friends on all Sporcle quizzes.
OR
Log In

You Might Also Like...

Show Comments

Extras

Created Jun 18, 2010ReportNominate
Tags:challenge, direction, memory, remember

Top Quizzes Today


Score Distribution

Your Account Isn't Verified!

In order to create a playlist on Sporcle, you need to verify the email address you used during registration. Go to your Sporcle Settings to finish the process.

Report this User

Report this user for behavior that violates our Community Guidelines.

Details: